000
00296nam a22001217a 4500
020
_a
0-201-02840-9
082
_a
536.7 HIL'I
100
_a
HILL, T. L
_9
78680
245
_a
AN INTRODUCTION TO STATISTICAL THERMODYNAMICS
260
_a
LONDON
_b
ADDISON WESLEY
_c
1960
300
_a
508P
942
_c
BK
999
_c
583784
_d
583784